00514 a2200169 450000100060000002000180000604000220002410000180004624000260006424500150009030000070010536200090011265000900012194200070021195201090021899900170032768071 a9783126071277 cAnchieta - Pituba aRodi, Margret10aKlasse! A1ldeu / ger10aKlasse! A1 a800 a2018 4a Uso padrão da língua alemã (prescptiva linguística - proficiência alemã) cBK 00104070a91.1b91.1d2023-11-21l0o438 F594k FLE KLAp23403/PITr2023-11-21 18:36:07w2023-11-21yBK c68071d68071